関西三空港に就航している航空会社 - Statistics

General Stats
  • This quiz has been taken 56 times
  • The average score is 25 of 74
Answer Stats
Hint Answer % Correct
日本 全日本空輸
100%
日本 日本航空
98%
日本 ピーチ・アビエーション
82%
オセアニア ジェットスター
76%
日本 スカイマーク
69%
韓国 大韓航空
69%
日本 AIRDO
64%
日本 ソラシドエア
62%
韓国 チェジュ航空
53%
中国・台湾 中国東方航空
53%
中東 エミレーツ航空
53%
日本 スターフライヤー
51%
日本 ジェットスター・ジャパン
49%
韓国 アシアナ航空
49%
東南アジア タイ国際航空
49%
東南アジア シンガポール航空
49%
北米・太平洋 ユナイテッド航空
49%
日本 日本トランスオーシャン航空
47%
中国・台湾 中国南方航空
44%
日本 フジドリームエアラインズ
42%
東南アジア ベトナム航空
42%
日本 ジェイエア
40%
中国・台湾 中国国際航空
40%
ヨーロッパ エールフランス航空
40%
韓国 エアプサン
38%
中国・台湾 春秋航空
38%
北米・太平洋 ハワイアン航空
38%
ヨーロッパ ルフトハンザドイツ航空
38%
日本 アイベックスエアラインズ
36%
日本 天草エアライン
36%
中国・台湾 チャイナエアライン
36%
中国・台湾 エバー航空
36%
中東 カタール航空
36%
ヨーロッパ KLMオランダ航空
36%
東南アジア マレーシア航空
33%
中東 エティハド航空
33%
韓国 ジンエアー
31%
中国・台湾 キャセイパシフィック航空
31%
日本 日本エアコミューター
29%
韓国 エアソウル
29%
東南アジア フィリピン航空
29%
ヨーロッパ フィンエアー
29%
日本 ANAウイングス
29%
中国・台湾 上海航空
27%
中国・台湾 タイガーエア台湾
27%
韓国 ティーウェイ航空
24%
中国・台湾 深圳航空
24%
中国・台湾 厦門航空
24%
中国・台湾 香港エクスプレス
24%
北米・太平洋 エア・カナダ
24%
中国・台湾 海南航空
22%
中国・台湾 スターラックス航空
22%
中国・台湾 香港航空
22%
ヨーロッパ ターキッシュ・エアラインズ
22%
中国・台湾 吉祥航空
20%
中国・台湾 マカオ航空
20%
東南アジア セブパシフィック航空
18%
韓国 イースター航空
16%
中国・台湾 四川航空
16%
中国・台湾 北京首都航空
16%
東南アジア スクート
16%
東南アジア エアアジアX
16%
中国・台湾 青島航空
13%
中国・台湾 天津航空
13%
東南アジア ベトジェットエア
11%
東南アジア タイ・エアアジアX
11%
中国・台湾 山東航空
9%
中国・台湾 長竜航空
9%
東アジア MIATモンゴル航空
9%
中国・台湾 グレーターベイ航空
7%
東南アジア ジェットスター・アジア
7%
中国・台湾 河北航空
4%
東南アジア タイ・ベトジェットエア
2%
東南アジア エアアジア・フィリピン
0%
No matching quizzes found
Score Distribution
Percent of People with Each Score
Percentile by Number Answered
Your Score History
You have not taken this quiz